The principles of fitting, (Record no. 545985)

000 -LEADER
fixed length control field 00576cam a2200169u 4500
082 ## - DEWEY DECIMAL CLASSIFICATION NUMBER
Classification number 621.8
Author Mark SIP
-- L-24, P-22
100 1# - MAIN ENTRY--PERSONAL NAME
Personal name Sipowicz, A.
9 (RLIN) 41969
245 04 - TITLE STATEMENT
Title The principles of fitting,
Statement of responsibility, etc. specially designed for use by those in the aircraft and automobile industries,
260 ## - PUBLICATION, DISTRIBUTION, ETC.
Place of publication, distribution, etc. London,
Name of publisher, distributor, etc. G. Newnes limited
Date of publication, distribution, etc. [1945]
300 ## - PHYSICAL DESCRIPTION
Extent 168 p.
Other physical details illus., diagrs.
Dimensions 23 cm.
526 ## - STUDY PROGRAM INFORMATION NOTE
Program name 0
Interest level 0
Reading level 0
Title point value 621_800000000000000_SIP
650 #0 - SUBJECT ADDED ENTRY--TOPICAL TERM
Topical term or geographic name entry element Airplanes
General subdivision Motors.
9 (RLIN) 41970
650 #0 - SUBJECT ADDED ENTRY--TOPICAL TERM
Topical term or geographic name entry element Machine-shop practice.
9 (RLIN) 36237
650 #0 - SUBJECT ADDED ENTRY--TOPICAL TERM
Topical term or geographic name entry element MCE
9 (RLIN) 379
650 #0 - SUBJECT ADDED ENTRY--TOPICAL TERM
Topical term or geographic name entry element Measurement.
9 (RLIN) 35886
942 ## - ADDED ENTRY ELEMENTS (KOHA)
Source of classification or shelving scheme
Koha item type Book
Holdings
Withdrawn status Lost status Source of classification or shelving scheme Damaged status Not for loan Permanent Location Current Location Date acquired Total Checkouts Full call number Barcode Date last seen Price effective from Koha item type
          Military College of Engineering (MCE) Military College of Engineering (MCE) 06/02/2014   621.8 SIP MCE-40260 06/02/2014 06/02/2014 Book
© 2023 Central Library, National University of Sciences and Technology. All Rights Reserved.